Les funiculaires en France - Statistiques

Statistiques générales
  • Ce quiz a été pris 28 fois
  • Le résultat moyen est 15 sur 28
Statistiques - réponses
Indices
Initiale
de la
ville
Ville % Correct
St Paul - Fourvière - 69 - 1900/1937 - cimetière - Toussaint L Lyon
88%
St Jean cathédrale - Fourvière - 1900 - 69 L Lyon
88%
St Just - 69 - 1878 - Cathédrale St Jean - 783 mètres L Lyon
88%
1900 - RATP - Basilique - Tertre P Paris
88%
Terme - Colline - 1862/1967 - 69 - Tunnel - + rousse L Lyon
84%
Notre-Dame - Dragon - 13 - 1892/1967 M Marseille
80%
Belleville - République - 1891/1924 - Tramway P Paris
80%
73 - Bellevarde - Espace Killy - Funival - 1988 V-d-I Val d'Isère
76%
Croix-Paquet - 1891/1972 - 69 - Gros caillou - + rousse L Lyon
68%
Pyrénées - 64 - 1908 - Pente de 30% P Pau
68%
76 - Côte - 1890-1969 - Flaubert - Faure - Port LH Le Havre
64%
Apparitions - 65 - Jer - 1900 L Lourdes
64%
Automatique - 74 - Station thermale - Port - 1888 T-L-B- Thonon-les-Bains
64%
Super - 1928/1966 - Californie - Baie - 06 C Cannes
60%
Cure d'air - 1905/1914 - 54 - Parc - Cimetière N Nancy
60%
Neuvecelle - 6 stations - 74 - 1913 - Station thermale - Monument historique E Evian
56%
1989 - Arc-en-ciel - Arc 1600 - 73 B-S-M Bourg-Saint-Maurice
52%
Auvergne - Station thermale - 63 - Charlannes - 1902/1958 LB La Bourboule
48%
Capucin - 1898 - Monument Historique - 63 -Station thermale - Dénivelé 175 m M-D Mont-Dore
44%
Perce neige - 73 - Espace Killy - Grande Motte - plus long de France - 1993 T Tignes
44%
Beauregard - Bregille - 25 - 1899/1987 - Curistes - Monument Historique B Besançon
40%
76 - Station balnéaire - 2006 - 1908/1941 - Courbet - Falaises LT Le Tréport
28%
Bellevue - 92 - Puteaux - Dénivelé 52 m - 1891/1938 M Meudon
20%
Chartreuse - 38 - Grésivaudan - Lumbin - 1924 SHDT Saint-Hilaire-du-Touvet
20%
Dôme express - 38 - 3384 m d'altitude - Glacier - Station de ski - 2 Alpes - 1989 O Oisans
16%
Ayré - 1937/2000 - 65 - Montagne - Tourmalet B Barèges
12%
Demoiselles - 34 - Grotte - 1931 - Cévennes SBDP Saint-Bauzille-de-Putois
8%
48 - Grotte - Méjean - Armand - Jurassique HLP Hures-la-Parade
4%
Aucun quiz correspondant
Distribution des résultats
% des personnes avec chaque résultat
Percentile par nombre de réponses
Votre historique - résultats
Vous n’avez pas pris ce quiz